[Event "Druzynowe Mistrzostwa Polski Juniorow 2019 - II Liga"]
[Site "Szczyrk"]
[Date "1899-12-30"]
[Round "4.39"]
[White "Trzebinski, Patryk"]
[Black "Kolodziejski, Piotr"]
[Result "0-1"]
[WhiteTitle "I"]
[BlackTitle "I"]
[WhiteElo "1679"]
[BlackElo "1666"]

1. e4 c5 2. Nf3 e6 3. c4 Nc6 4. d4 cxd4 5. Nxd4 a6 6. Nc3 Qc7 7. Nc2 Nf6 8. Be3
d6 9. Be2 Be7 10. Qd2 Bd7 11. f4 Na5 12. Qd4 Rc8 13. e5 Nc6 14. Qb6 Qxb6 15. Bxb6
dxe5 16. O-O O-O 17. Rad1 exf4 18. Rxf4 Ne5 19. Bd4 Bc5 20. Ne4 Bxd4+ 21. Rxd4
Ne8 22. Nd6 Nxd6 23. Rxd6 Ng6 24. Rfd4 e5 25. Rd2 Be6 26. Ne3 Rfe8 27. Bf3 Rc7
28. Rb6 Bc8 29. b3 e4 30. Nd5 Rd7 31. Bg4 Rxd5 32. cxd5 Bxg4 33. Kf1 Nf4 34. Rf2
Nxd5 35. Rxb7 Rc8 36. g3 Rc1+ 37. Kg2 Ne3# 0-1

[Event "Druzynowe Mistrzostwa Polski Juniorow 2019 - II Liga"]
[Site "Szczyrk"]
[Date "1899-12-30"]
[Round "4.40"]
[White "Musin, Pawel"]
[Black "Dembicki, Karol"]
[Result "1/2-1/2"]
[WhiteTitle "II"]
[BlackTitle "II"]
[WhiteElo "1181"]
[BlackElo "1397"]

1. d4 d5 2. Nf3 Nf6 3. e3 Bg4 4. Bd3 Nc6 5. b3 e5 6. dxe5 Nxe5 7. Be2 Nxf3+ 8.
Bxf3 Bxf3 9. Qxf3 Bb4+ 10. Bd2 Bxd2+ 11. Nxd2 O-O 12. O-O Qd7 13. h3 Rad8 14.
Rfd1 c6 15. c4 Rfe8 16. cxd5 Qxd5 17. Qxd5 Nxd5 18. Nf3 Nc3 19. Rxd8 Rxd8 20.
Kf1 f6 21. a4 Kf7 22. Rc1 Rd1+ 23. Rxd1 Nxd1 24. Ke2 Nc3+ 25. Kd3 Nd5 26. Nd4
g6 27. g3 f5 28. f3 Kf6 29. e4 fxe4+ 30. fxe4 Nb4+ 31. Kc3 Na6 32. b4 h6 33. Kc4
Ke5 34. b5 cxb5+ 35. axb5 Nb4 36. Nb3 Nc2 37. Kd3 Ne1+ 38. Ke2 Nc2 39. Kd3 Ne1+
40. Ke2 Nc2 41. Kd3 Nb4+ 42. Kc4 Nc2 43. Kd3 Nb4+ 44. Kc4 Nc2 45. Kd3 Na3 46.
Nd4 a5 47. bxa6 bxa6 48. Nf3+ Ke6 49. e5 Nb5 50. Ke4 Nc3+ 51. Kd4 Ne2+ 52. Kc5
Nxg3 53. Kb6 Nh5 54. Kxa6 Nf4 55. h4 Nd3 56. Kb5 Nxe5 57. Nd4+ Kd5 58. Ne2 Ke4
59. h5 g5 60. Kc5 Nd3+ 61. Kc4 Nf4 62. Ng3+ Ke5 63. Kc3 Nd5+ 64. Kd3 Kf4 65. Nf1
Kg4 66. Ke4 Nf6+ 67. Ke3 Nxh5 68. Kf2 Nf4 69. Kg1 Ne2+ 70. Kg2 h5 71. Ne3+ Kf4
72. Nd5+ Ke5 73. Ne3 Ke4 74. Nc4 Nf4+ 75. Kg1 g4 76. Nd6+ Kf3 77. Nf5 Ne2+ 78.
Kf1 Ng3+ 79. Nxg3 Kxg3 80. Kg1 h4 81. Kh1 Kf3 82. Kh2 g3+ 83. Kh3 Kf2 84. Kxh4
g2 85. Kg4 g1=Q+ 86. Kf4 Qg3+ 87. Ke4 Qf3+ 1/2-1/2

[Event "Druzynowe Mistrzostwa Polski Juniorow 2019 - II Liga"]
[Site "Szczyrk"]
[Date "1899-12-30"]
[Round "4.41"]
[White "Filipska, Maja"]
[Black "Karlyk, Maria"]
[Result "1-0"]
[WhiteTitle "I++"]
[BlackTitle "I"]
[WhiteElo "1602"]
[BlackElo "1703"]

1. e4 c5 2. Nf3 d6 3. d4 cxd4 4. Nxd4 Nf6 5. Nc3 Nc6 6. Bb5 Bd7 7. Bg5 e6 8. Qd2
Nxd4 9. Bxd7+ Qxd7 10. Qxd4 Be7 11. O-O-O a6 12. f4 Qc6 13. Rd2 O-O-O 14. Rhd1
Rhg8 15. Qe3 h6 16. Bh4 g5 17. fxg5 hxg5 18. Bg3 Nh5 19. Kb1 Nxg3 20. Qxg3 Kb8
21. Rf2 Rgf8 22. Rdf1 f6 23. Qg4 Qc4 24. Rf3 f5 25. Qh5 fxe4 26. Rxf8 Bxf8 27.
Re1 d5 28. Qxg5 Qc7 29. h4 Bb4 30. Rf1 Bxc3 31. bxc3 Rc8 32. Qe3 Qc4 33. Rh1 b5
34. h5 Qc7 35. h6 Rh8 36. g4 Kb7 37. g5 Qh7 38. Qd4 Rg8 39. Qe5 Rg6 40. Rg1 Qg8
41. Qf4 Rxh6 42. gxh6 Qxg1+ 43. Kb2 Qg6 44. Qf8 e3 45. Qe7+ Kc6 46. h7 1-0

[Event "Druzynowe Mistrzostwa Polski Juniorow 2019 - II Liga"]
[Site "Szczyrk"]
[Date "1899-12-30"]
[Round "4.42"]
[White "Krzyston, Katarzyna"]
[Black "Skolska, Emilia"]
[Result "0-1"]
[WhiteTitle "II"]
[BlackTitle "I"]
[WhiteElo "1000"]
[BlackElo "1359"]

1. e4 e5 2. Nf3 Nc6 3. d4 exd4 4. Nxd4 Bc5 5. Be3 Qf6 6. c3 Nge7 7. Bc4 Ne5 8.
Be2 Qg6 9. O-O d6 10. f3 O-O 11. Kh1 f5 12. f4 N5c6 13. exf5 Nxf5 14. Nxf5 Qxf5
15. Bxc5 Qxc5 16. Qd2 Be6 17. Bd3 Rae8 18. Na3 Bf5 19. Bc4+ Kh8 20. Rae1 Ne7 21.
b4 Qb6 22. Bb5 c6 23. Qxd6 cxb5 24. Qxb6 axb6 25. Rf2 Nd5 26. Rc1 Nxc3 27. h3
Ne2 28. Rc7 Ng3+ 29. Kh2 Ne4 30. Rf1 Nd6 31. Rd1 Rd8 32. Rd5 Be4 33. Rg5 Rf7 34.
Rxf7 Nxf7 35. Rxb5 Rd2 36. Kg1 Rxg2+ 37. Kf1 Rxa2 38. Nc4 Bd3+ 39. Ke1 Bxc4 40.
Rxb6 Re2+ 41. Kd1 Re7 42. Kd2 g5 43. Rf6 Kg7 44. fxg5 Nxg5 45. Rf4 Ne4+ 46. Kc2
Kg6 47. Rf3 Rf7 48. Re3 Rf2+ 49. Kc1 Kf5 50. Kb1 Kf4 51. Ra3 Nd2+ 52. Kc1 Nb3+
53. Kd1 Ke3 54. h4 Kd3 55. Ke1 Rd2 56. Ra8 Re2+ 57. Kf1 Nd2+ 58. Kg1 Nf3+ 59.
Kf1 Rc2 60. Re8 Kd4+ 61. Re2 Rxe2 62. h5 Ra2# 0-1

[Event "Druzynowe Mistrzostwa Polski Juniorow 2019 - II Liga"]
[Site "Szczyrk"]
[Date "1899-12-30"]
[Round "4.43"]
[White "Radecki, Adam"]
[Black "Burdzicki, Jan"]
[Result "1/2-1/2"]
[WhiteTitle "I"]
[BlackTitle "II+"]
[WhiteElo "1803"]
[BlackElo "1717"]

1. e4 e6 2. d4 d5 3. Nc3 dxe4 4. Nxe4 Nd7 5. Nf3 Ngf6 6. Bg5 Be7 7. Nxf6+ Nxf6
8. c3 O-O 9. Bd3 c5 10. O-O b6 11. Qc2 h6 12. Bxf6 gxf6 13. Qd2 Kg7 14. Be4 Rb8
15. Qf4 Bb7 16. Bxb7 Rxb7 17. Rad1 Rd7 18. Qc1 cxd4 19. Rxd4 Rxd4 20. Nxd4 Qd5
21. a3 f5 22. Rd1 Bg5 23. Qc2 Rd8 24. Qe2 Kh7 25. Re1 Bf6 26. Nf3 Qd3 27. Kf1
Kg7 28. Qxd3 Rxd3 29. Ke2 Rd7 30. Rd1 Rc7 31. Nd4 Kf8 32. Nb5 Rb7 33. Rd3 a6 34.
Nd4 Rc7 35. Nc2 Ke7 36. g3 a5 37. f4 h5 38. Kd2 h4 39. Ne3 hxg3 40. hxg3 b5 41.
Nc2 Rc8 42. Nd4 Bxd4 43. Rxd4 Rg8 44. Rd3 Rh8 45. b3 Rh2+ 46. Ke3 Ra2 47. c4 b4
48. axb4 axb4 1/2-1/2

[Event "Druzynowe Mistrzostwa Polski Juniorow 2019 - II Liga"]
[Site "Szczyrk"]
[Date "1899-12-30"]
[Round "4.44"]
[White "Burdzicki, Stanislaw"]
[Black "Distel, Pawel"]
[Result "0-1"]
[WhiteTitle "I"]
[BlackTitle "I"]
[WhiteElo "1660"]
[BlackElo "1675"]

1. d4 Nf6 2. c4 g6 3. Nc3 Bg7 4. e4 d6 5. f3 O-O 6. Be3 Nc6 7. Qd2 a6 8. Nge2 Rb8
9. Nc1 e5 10. d5 Nd4 11. Nb3 Nxb3 12. axb3 Bd7 13. g4 Qe7 14. Be2 Rfd8 15. h4
c6 16. Bg5 Bc8 17. h5 Re8 18. Rh2 Qc7 19. O-O-O Nd7 20. Rdh1 f6 21. Be3 g5 22.
h6 Bf8 23. Rh5 Qd8 24. dxc6 bxc6 25. Bd1 Be7 26. Na4 Nf8 27. Bc2 Be6 28. Rd1 Bf7
29. Rh2 Ne6 30. Qe1 Qc7 31. Rhd2 Red8 32. Qf2 c5 33. Rd3 Nd4 34. Nc3 Rb7 35. Nd5
Qb8 36. Bxd4 cxd4 37. Rg1 Re8 38. f4 gxf4 39. Nxe7+ Rexe7 40. g5 Bg6 41. Rd2 Rf7
42. Qh4 fxg5 43. Rxg5 Qf8 44. Rdg2 Rf6 45. b4 f3 46. Rg1 f2 47. Rf1 Kh8 48. Rg2
Rbf7 49. c5 dxc5 50. Qg5 Qd6 51. Qd2 cxb4 52. Rgxf2 Rxf2 53. Rxf2 Rxf2 54. Qxf2
d3 55. Bxd3 b3 56. Qa7 Qf8 57. Qc7 Qxh6+ 58. Kd1 Bh5+ 59. Be2 Bxe2+ 60. Kxe2 Qh2+
61. Kd3 Qc2+ 62. Qxc2 bxc2 63. Kxc2 h5 64. Kd3 Kg7 65. b4 Kf6 66. Ke3 Kg5 67.
Kf3 h4 68. Kg2 Kf4 69. Kh3 Kxe4 70. Kxh4 Kf3 71. b5 axb5 0-1

[Event "Druzynowe Mistrzostwa Polski Juniorow 2019 - II Liga"]
[Site "Szczyrk"]
[Date "1899-12-30"]
[Round "4.45"]
[White "Kubik, Rafal"]
[Black "Kaliszuk, Kamil"]
[Result "0-1"]
[WhiteTitle "II+"]
[BlackTitle "I"]
[WhiteElo "1473"]
[BlackElo "1834"]

1. e4 c5 2. c3 Nf6 3. e5 Nd5 4. d4 cxd4 5. cxd4 d6 6. Nf3 Nc6 7. Bc4 Nb6 8. Bb5
dxe5 9. Nxe5 Bd7 10. Nxd7 Qxd7 11. Nc3 e6 12. O-O Be7 13. Qg4 O-O 14. Bxc6 bxc6
15. Bh6 Bf6 16. Rfd1 e5 17. Qxd7 Nxd7 18. dxe5 Nxe5 19. Be3 Nc4 20. Rab1 Rfb8
21. Na4 Nxe3 22. fxe3 Rb4 23. b3 Re4 24. Rbc1 Rxe3 25. Rxc6 Re2 26. Rdc1 Rae8
27. Rc8 Bd4+ 28. Kh1 Kf8 29. g3 Rxa2 30. Rxe8+ Kxe8 31. Rc4 Rd2 32. Nc3 Bb6 33.
Na4 Bd4 34. Nc3 f5 35. Nb5 Bb6 36. Rc8+ Ke7 37. Rb8 h6 38. Rg8 g5 39. h4 g4 40.
Nxa7 Bf2 41. Rh8 Bxg3 42. Rxh6 f4 43. Nc6+ Ke8 44. Ne5 f3 45. Re6+ Kd8 0-1

[Event "Druzynowe Mistrzostwa Polski Juniorow 2019 - II Liga"]
[Site "Szczyrk"]
[Date "1899-12-30"]
[Round "4.46"]
[White "Binek, Dawid"]
[Black "Karwot, Marek"]
[Result "1-0"]
[WhiteTitle "II"]
[BlackTitle "II"]
[WhiteElo "1322"]
[BlackElo "1107"]

1. c4 Nf6 2. Nc3 e6 3. Nf3 d5 4. d4 Bb4 5. Bg5 Nbd7 6. a3 Bxc3+ 7. bxc3 h6 8. Bh4
c6 9. cxd5 cxd5 10. e3 Qa5 11. Qb3 Ne4 12. Qb4 Qxb4 13. cxb4 g5 14. Bg3 Nxg3 15.
hxg3 Nf6 16. Nxg5 Bd7 17. Rc1 Ke7 18. Nf3 Rac8 19. Rxc8 Bxc8 20. Bd3 Bd7 21. Kd2
Rc8 22. Ne5 h5 23. f3 Rg8 24. Rh3 a6 25. Nxd7 Kxd7 26. a4 a5 27. bxa5 Ra8 28.
Rh4 Rxa5 29. Rh1 Ra8 30. Rb1 Kc7 31. Rc1+ Kd6 32. Bb5 Rg8 33. Ke2 Rxg3 34. Kf2
Rg8 35. Rc2 Nd7 36. Rb2 Nf6 37. Bd3 Kc7 38. Rb1 Ra8 39. Bb5 Kd6 40. Rh1 Rc8 41.
Kg3 Rg8+ 42. Kf2 Rc8 43. Re1 Rc3 44. Kg3 Rc8 45. e4 Ke7 46. e5 Nd7 47. Kh4 Rg8
48. Re2 Nf8 49. Rc2 Ng6+ 50. Kxh5 Nf4+ 51. Kh6 Kd8 52. g4 Ng6 53. Kh7 Ne7 54.
a5 Rg6 55. a6 bxa6 56. Bxa6 Kd7 57. Rb2 Rg5 58. Rb7+ Kd8 59. Rb8+ Kd7 60. Rf8
Nc6 61. Rxf7+ Ke8 62. Rf4 Nxe5 63. dxe5 Rxe5 64. Kh6 Re1 65. g5 Rh1+ 66. Kg7 e5
67. Bb5+ Ke7 68. Rf7+ Ke6 69. g6 Rg1 70. Rf8 e4 71. Re8+ Kf5 72. Bd7+ Kf4 73.
fxe4 dxe4 74. Rf8+ Kg5 75. Rf5+ Kh4 76. Kf7 e3 77. Bb5 Rb1 78. g7 Rxb5 79. Rxb5
e2 80. Re5 1-0

[Event "Druzynowe Mistrzostwa Polski Juniorow 2019 - II Liga"]
[Site "Szczyrk"]
[Date "1899-12-30"]
[Round "4.47"]
[White "Robakowska, Paulina"]
[Black "Orlik, Sandra"]
[Result "0-1"]
[WhiteTitle "I"]
[BlackTitle "I++"]
[WhiteElo "1291"]
[BlackElo "1805"]

1. d4 Nf6 2. Nf3 e6 3. c4 b6 4. g3 Bb4+ 5. Bd2 Qe7 6. a3 Bxd2+ 7. Nbxd2 Bb7 8.
Bg2 c5 9. e3 O-O 10. O-O d5 11. Re1 Ne4 12. dxc5 bxc5 13. Nxe4 dxe4 14. Nd2 f5
15. Rb1 a5 16. Qc2 Nc6 17. Qc3 Rfd8 18. Bf1 Rd7 19. Be2 g5 20. f4 g4 21. Nf1 Rad8
22. Red1 Qg7 23. Qxg7+ Kxg7 24. Rxd7+ Rxd7 25. Rd1 Nb8 26. Nd2 Bc8 27. Nb3 Rb7
28. Nxc5 Rxb2 29. Rd6 Kf6 30. Kf2 Ke7 31. Rd1 Na6 32. Na4 Rb3 33. c5 Nb8 34. Nb6
Bb7 35. Nc4 Nc6 36. Nd6 Nd8 37. a4 Bd5 38. Bb5 Rc3 39. Nc8+ Kf6 40. Nb6 Nb7 41.
Nxd5+ exd5 42. c6 Nd6 43. Rxd5 Rc2+ 44. Ke1 Ke6 45. Re5+ Kf6 46. Rd5 Ke6 47. Rd4
Rc5 48. Kd2 Nxb5 49. axb5 Rxb5 50. c7 Rc5 51. Ra4 Kd7 52. Rd4+ Kxc7 53. Kd1 Kc6
54. Ra4 Rd5+ 55. Ke2 Kb5 56. Ra1 Kb4 57. Rb1+ Kc3 58. Rc1+ Kb2 59. Rc4 Kb3 60.
Rc1 a4 61. Rb1+ Kc2 62. Ra1 Ra5 63. Rd1 a3 64. Rd2+ Kb3 65. Rd7 a2 66. Rb7+ Ka3
0-1

[Event "Druzynowe Mistrzostwa Polski Juniorow 2019 - II Liga"]
[Site "Szczyrk"]
[Date "1899-12-30"]
[Round "4.48"]
[White "Bienek, Magdalena"]
[Black "Czerwinska, Oliwia"]
[Result "1/2-1/2"]
[WhiteTitle "II"]
[BlackTitle "I"]
[WhiteElo "1104"]
[BlackElo "1345"]

1. e4 e5 2. Nf3 Nc6 3. Bc4 Bc5 4. c3 Nf6 5. d3 d6 6. O-O O-O 7. Nbd2 Bg4 8. h3
Bh5 9. Re1 Re8 10. Nf1 a6 11. Bb3 Qe7 12. Ng3 Bg6 13. Nh4 Kh8 14. Nhf5 Qd7 15.
Bg5 Ng8 16. d4 exd4 17. cxd4 Bb4 18. Bd2 Bxd2 19. Qxd2 Qd8 20. Rad1 Qf6 21. Re3
Bxf5 22. Nxf5 g6 23. Ng3 Qg7 24. Rf3 Re7 25. Bd5 Nd8 26. Rc1 c6 27. Bb3 Qh6 28.
Qxh6 Nxh6 29. Re1 Ne6 30. d5 Nd4 31. Rd3 Nxb3 32. Rxb3 c5 33. Rbe3 Rae8 34. f4
f6 35. Nf1 Nf7 36. Nd2 Kg7 37. Kf2 h6 38. g4 g5 39. f5 Ne5 40. b3 b5 41. Nf3 Nxf3
42. Kxf3 Rc8 43. Rc3 Rec7 44. Rec1 Kf7 45. Ke3 Ke7 46. Kf3 Kd7 47. Kg3 Rg8 48.
Kf3 1/2-1/2

[Event "Druzynowe Mistrzostwa Polski Juniorow 2019 - II Liga"]
[Site "Szczyrk"]
[Date "1899-12-30"]
[Round "4.49"]
[White "Lendzion, Kamil"]
[Black "Mazurek, Bartosz"]
[Result "0-1"]
[WhiteTitle "I"]
[BlackTitle "I"]
[WhiteElo "1795"]
[BlackElo "1857"]

1. e4 d5 2. exd5 Qxd5 3. Nc3 Qd6 4. d4 Nf6 5. Nf3 c6 6. h3 Bf5 7. Bd3 Bxd3 8. Qxd3
e6 9. Bg5 Nbd7 10. O-O-O Be7 11. Bxf6 Nxf6 12. Kb1 Qc7 13. Ne5 Bd6 14. f4 O-O-O
15. a3 Kb8 16. g4 Nd5 17. Nxd5 exd5 18. Qf3 f6 19. Nd3 Rhe8 20. Rhe1 Qb6 21. Rxe8
Rxe8 22. Nf2 Qb5 23. f5 Kc7 24. Qd3 Qxd3 25. Rxd3 Re1+ 26. Nd1 Kd7 27. Ka2 Bf4
28. Kb3 Rg1 29. a4 h5 30. gxh5 Rg5 31. Rf3 Rxf5 32. h6 gxh6 33. Ne3 Rh5 34. Rxf4
Rxh3 35. Rxf6 Rxe3+ 36. c3 Re6 37. Rf8 a5 38. Ra8 Re8 39. Rxa5 h5 40. c4 dxc4+
41. Kxc4 Rh8 42. Rg5 h4 43. d5 h3 44. dxc6+ Kxc6 45. Rg6+ Kc7 46. Rg1 h2 47. Rh1
Kc6 48. b4 Rh4+ 49. Kb3 Kd5 50. a5 Kc6 51. Ka4 Kc7 52. Kb5 Rh5+ 53. Ka4 Rh3 54.
Kb5 Kb8 55. Kb6 Rh6+ 56. Kb5 Ka7 57. Kc5 Rh5+ 58. Kd4 Rh4+ 59. Kc5 Ka6 60. b5+
Kxa5 61. Ra1+ Ra4 62. Rb1 b6+ 63. Kd5 Rh4 64. Ra1+ Kxb5 65. Rb1+ Ka6 66. Rh1 Kb7
67. Ke5 b5 68. Kf5 Kb6 69. Kg5 Rh8 70. Kg4 b4 71. Kf3 Kc5 72. Ke3 Kc4 73. Kd2
Kb3 0-1

[Event "Druzynowe Mistrzostwa Polski Juniorow 2019 - II Liga"]
[Site "Szczyrk"]
[Date "1899-12-30"]
[Round "4.50"]
[White "Kebel, Bartosz"]
[Black "Sloniewski, Michal"]
[Result "0-1"]
[WhiteTitle "II"]
[BlackTitle "I"]
[WhiteElo "1463"]
[BlackElo "1744"]

1. d4 d5 2. c4 e6 3. Nf3 c6 4. Nc3 Nf6 5. cxd5 exd5 6. Bf4 Bf5 7. Qb3 Qb6 8. Qxb6
axb6 9. e3 b5 10. Be2 Bb4 11. O-O O-O 12. Ne5 Nbd7 13. Nd3 Bxc3 14. bxc3 Ne4 15.
Rfc1 Ra3 16. Nb4 Nxc3 17. Bf3 Rfa8 18. g3 Nb6 19. Kg2 Nc4 20. Bd1 Nxd1 21. Rxd1
R8a4 22. Rdb1 Bxb1 23. Rxb1 f5 24. Bg5 Kf7 25. h3 h6 26. Bd8 Ra8 27. Bc7 Rc8 28.
Bf4 g5 29. Be5 Nxe5 30. dxe5 Ke6 31. Rb2 Rca8 0-1

[Event "Druzynowe Mistrzostwa Polski Juniorow 2019 - II Liga"]
[Site "Szczyrk"]
[Date "1899-12-30"]
[Round "4.51"]
[White "Mocko, Maciej"]
[Black "Sleczka, Krzysztof"]
[Result "1/2-1/2"]
[WhiteTitle "II"]
[BlackTitle "II"]
[WhiteElo "1385"]
[BlackElo "1191"]

1. Nf3 d5 2. g3 Nf6 3. Bg2 c6 4. O-O Bg4 5. d3 e6 6. Re1 Bd6 7. Nbd2 Nbd7 8. c3
O-O 9. Qc2 Qc7 10. e4 Rac8 11. exd5 cxd5 12. Nd4 Bc5 13. N4b3 Bb6 14. a4 a6 15.
a5 Ba7 16. Nf1 Rfe8 17. Bg5 h6 18. Bxf6 Nxf6 19. d4 Bh5 20. f3 e5 21. Qd2 Bg6
22. Kh1 e4 23. Ne3 Rcd8 24. f4 Bh5 25. Bh3 Bf3+ 26. Kg1 Nh5 27. Nf5 Nf6 28. Ne3
Nh5 29. Qf2 Rd6 30. Nd2 Rg6 31. Nxd5 Qd6 32. Nxf3 Qxd5 33. Ne5 Nxf4 34. Qxf4 Rxe5
35. Kh1 Re7 36. Bg2 Qb3 37. Qd2 e3 38. Rxe3 Rxe3 39. Qxe3 Re6 40. Qf2 Qb5 41.
Re1 Rxe1+ 42. Qxe1 Kf8 43. Qe5 Qxb2 44. Qd6+ Ke8 45. Qe5+ Kf8 46. Qe1 Qb5 47.
Qa1 Qb3 48. Be4 Bb8 49. Qf1 Qxc3 50. Bd5 f6 51. Qf5 Ba7 52. Qd7 Qe1+ 53. Kg2 Qe2+
54. Kh3 Qh5+ 1/2-1/2

[Event "Druzynowe Mistrzostwa Polski Juniorow 2019 - II Liga"]
[Site "Szczyrk"]
[Date "1899-12-30"]
[Round "4.52"]
[White "Uhryn, Mateusz"]
[Black "Szymanczyk, Lukasz"]
[Result "1-0"]
[WhiteTitle "II"]
[BlackTitle "II"]
[WhiteElo "1321"]
[BlackElo "1142"]

1. c4 e6 2. Nc3 d5 3. cxd5 exd5 4. d4 Nf6 5. g3 c6 6. Bg2 Bf5 7. Nf3 Nbd7 8. O-O
Bd6 9. Bg5 O-O 10. Nh4 Be6 11. Qd3 h6 12. Bc1 Qc7 13. b3 Rac8 14. Bb2 Rfd8 15.
Nf3 a6 16. Nd2 c5 17. Rac1 c4 18. bxc4 dxc4 19. Qc2 b5 20. a3 Nb6 21. e4 Be7 22.
Ne2 a5 23. f4 Bg4 24. Nf3 b4 25. axb4 axb4 26. d5 Bc5+ 27. Bd4 Bxd4+ 28. Nexd4
Bxf3 29. Bxf3 Qc5 30. Rfd1 c3 31. Kg2 Nc4 32. Qe2 Nb2 33. Nb3 Qc4 34. Qxc4 Rxc4
35. Na5 Rc5 36. Nb7 Nxd1 37. Nxc5 Rc8 38. Nb3 Nb2 39. e5 Nd7 40. Bg4 Rc7 41. d6
Ra7 42. Bxd7 Rxd7 43. Nc5 Ra7 44. d7 Rxd7 45. Nxd7 Nd3 46. Ra1 c2 47. Ra8+ Kh7
48. f5 g6 49. Nf6+ 1-0

[Event "Druzynowe Mistrzostwa Polski Juniorow 2019 - II Liga"]
[Site "Szczyrk"]
[Date "1899-12-30"]
[Round "4.53"]
[White "Zarebska, Lena"]
[Black "Skiba, Aleksandra"]
[Result "1-0"]
[WhiteTitle "I++"]
[BlackTitle "I++"]
[WhiteElo "1773"]
[BlackElo "1795"]

1. e4 c5 2. Nf3 Nc6 3. d4 cxd4 4. Nxd4 e5 5. Nb5 d6 6. c4 Be7 7. N1c3 a6 8. Na3
Be6 9. Be2 Nf6 10. O-O O-O 11. Be3 Rc8 12. Rc1 Nd7 13. Nc2 Na5 14. b3 b5 15. Nd5
bxc4 16. b4 Nb7 17. a4 Bg5 18. Na3 Bxe3 19. Nxe3 Nf6 20. Qc2 Qe7 21. Rfd1 Rfd8
22. Nd5 Nxd5 23. exd5 Bd7 24. Nxc4 f5 25. Qb3 Qg5 26. Rc3 a5 27. Nb6 axb4 28.
Rxc8 Bxc8 29. Qxb4 Nc5 30. Nxc8 Rxc8 31. a5 Qd8 32. a6 Ra8 33. Ra1 Qc7 34. Qb5
Kf7 35. Qb1 g6 36. Qa2 Ra7 37. h4 Qb6 38. Rb1 Qc7 39. h5 Kg7 40. Ra1 Qb6 41. hxg6
hxg6 42. Qb1 Qc7 43. Qb5 Kf7 44. Ra3 Kf6 45. Qe8 Qe7 46. Qh8+ Qg7 47. Qb8 Qe7
48. g4 fxg4 49. Bxg4 Rxa6 50. Qh8+ Kg5 51. Rg3 Ne4 52. Rg2 Ra1+ 53. Kh2 Kf4 54.
Qh3 Re1 55. Be6 Ng5 56. Rg4# 1-0

[Event "Druzynowe Mistrzostwa Polski Juniorow 2019 - II Liga"]
[Site "Szczyrk"]
[Date "1899-12-30"]
[Round "4.54"]
[White "Luniewska, Daria"]
[Black "Anyz, Monika"]
[Result "1-0"]
[WhiteTitle "II+"]
[BlackTitle "I+"]
[WhiteElo "1335"]
[BlackElo "1404"]

1. d4 Nf6 2. Nf3 c5 3. c3 e6 4. Bg5 d5 5. e3 Nbd7 6. Bd3 Be7 7. Nbd2 b6 8. Qe2
Bb7 9. Bb5 a6 10. Ba4 b5 11. Bc2 c4 12. h4 Ne4 13. Bf4 Ndf6 14. Ne5 Rc8 15. g4
Nxd2 16. Qxd2 Ne4 17. Bxe4 dxe4 18. g5 a5 19. a3 f6 20. gxf6 Bxf6 21. Qe2 g6 22.
Qg4 Qe7 23. Kd2 Bxe5 24. Bxe5 Rf8 25. Qg3 Kd7 26. Rag1 b4 27. axb4 axb4 28. h5
bxc3+ 29. bxc3 Qa3 30. Ke2 g5 31. d5 Bxd5 32. Kf1 Rf5 33. Kg2 Qf8 34. Rf1 h6 35.
Kg1 Ra8 36. Rh2 Qf7 37. Rg2 Qf8 38. Rb1 Rf3 39. Qh2 Ra7 40. Rg3 Rf5 41. Rg2 Ra2
42. Rf1 Ra7 43. Rb1 Qa8 44. Kh1 Ra1 45. Rgg1 Rxb1 46. Rxb1 Qa2 47. Rf1 Qe2 48.
Kg1 g4 49. Bb8 g3 50. Bxg3 Rxh5 51. Qg2 Rg5 52. Kh2 h5 53. Qh3 Rf5 54. Bf4 Qd2
55. Qg2 Qxc3 56. Rb1 Rf8 57. Rb6 Bc6 58. Ra6 Ra8 59. Rxc6 Rf8 60. Rd6+ Ke7 61.
Qg5+ Qf6 62. Qc5 Kf7 63. Qxh5+ Qg6 64. Rd7+ Kf6 65. Qe5# 1-0

[Event "Druzynowe Mistrzostwa Polski Juniorow 2019 - II Liga"]
[Site "Szczyrk"]
[Date "1899-12-30"]
[Round "4.55"]
[White "Majocha, Piotr"]
[Black "Kania, Dominik"]
[Result "1-0"]
[WhiteTitle "I++"]
[BlackTitle "I"]
[WhiteElo "2005"]
[BlackElo "1948"]

1. Nf3 d6 2. d4 Nf6 3. c4 g6 4. Nc3 Bg7 5. e4 O-O 6. h3 e5 7. d5 Na6 8. Bg5 h6
9. Be3 Nc5 10. Nd2 a5 11. g4 Ne8 12. Rg1 Kh7 13. b3 b6 14. a3 f5 15. gxf5 gxf5
16. Qh5 Qf6 17. O-O-O Qf7 18. Qe2 fxe4 19. Ncxe4 Bf5 20. Bg2 Nf6 21. Bxc5 bxc5
22. h4 a4 23. b4 cxb4 24. axb4 a3 25. Kb1 Rfb8 26. b5 Nxd5 27. Ka1 Nf4 28. Qe3
a2 29. Bf3 Ne6 30. Bg4 Bxg4 31. Rxg4 Nd4 32. Qd3 Kh8 33. Rdg1 Ra3 34. Qxa3 Nc2+
35. Kxa2 Nxa3 36. Rxg7 Qf8 37. Rg8+ Qxg8 38. Rxg8+ Rxg8 39. Kxa3 Rg4 40. h5 Kg7
41. Kb4 Rh4 42. Nxd6 cxd6 43. b6 Rf4 44. b7 Rf8 45. Ne4 d5 46. cxd5 Rb8 47. Nd6
Kf8 48. Kc5 Ke7 49. Kc6 Kd8 50. Nf7+ Ke7 51. Kc7 Rf8 52. b8=Q Kxf7 53. Qxf8+ Kxf8
54. d6 e4 55. d7 e3 56. d8=Q+ Kg7 57. Qe7+ Kg8 58. fxe3 Kh8 59. Kd6 Kg8 60. Ke6
Kh8 61. Kf6 1-0

[Event "Druzynowe Mistrzostwa Polski Juniorow 2019 - II Liga"]
[Site "Szczyrk"]
[Date "1899-12-30"]
[Round "4.56"]
[White "Gardian, Adam"]
[Black "Sypien, Natan"]
[Result "0-1"]
[WhiteTitle "I"]
[BlackTitle "I"]
[WhiteElo "1770"]
[BlackElo "1769"]

1. Nf3 Nf6 2. g3 b6 3. Bg2 Bb7 4. O-O e6 5. c4 Be7 6. Nc3 O-O 7. d4 Ne4 8. Qc2
Nxc3 9. Qxc3 c5 10. dxc5 bxc5 11. Be3 d6 12. Rfd1 Qb6 13. Bg5 Nc6 14. Bxe7 Nxe7
15. Rac1 Rfd8 16. Rd2 Rac8 17. Qa3 h6 18. Rd3 Be4 19. Rb3 Qc7 20. Nd2 Bxg2 21.
Kxg2 Nc6 22. Nf3 Nb4 23. e4 Rb8 24. Re3 Rb6 25. e5 Ra6 26. Qb3 Rxa2 27. Rce1 Ra6
28. Qc3 d5 29. cxd5 Nxd5 30. Qc4 Nxe3+ 31. Rxe3 Rb6 32. b3 Rb4 33. Qa6 Qb6 34.
Qa2 Qb7 35. Kh3 Qd5 36. Qxa7 Rxb3 37. Rxb3 Qxb3 38. Qc7 Qd3 39. Nh4 c4 40. Ng2
Qf5+ 41. g4 Qf3+ 42. Kh4 g5+ 0-1

[Event "Druzynowe Mistrzostwa Polski Juniorow 2019 - II Liga"]
[Site "Szczyrk"]
[Date "1899-12-30"]
[Round "4.57"]
[White "Bochenek, Ryszard"]
[Black "Kubica, Dominik"]
[Result "1-0"]
[WhiteTitle "II"]
[BlackTitle "II+"]
[WhiteElo "1362"]
[BlackElo "1438"]

1. d4 d5 2. Nf3 Nf6 3. g3 Bf5 4. Bg2 e6 5. O-O Be7 6. c4 c6 7. Nc3 h6 8. b3 O-O
9. Bb2 Nbd7 10. Re1 Nb6 11. Nd2 Qc7 12. e4 dxe4 13. Ndxe4 Rad8 14. Qe2 Rd7 15.
Rad1 Rfd8 16. Rd2 Nxe4 17. Bxe4 Bxe4 18. Qxe4 Bf6 19. Red1 a5 20. a4 Nc8 21. Qg4
Qd6 22. Ne4 Qe7 23. Nc5 Rc7 24. Ba3 Qe8 25. Ne4 Be7 26. Bb2 f5 27. Qf4 Rcd7 28.
Nc5 Bxc5 29. dxc5 Rxd2 30. Rxd2 Qe7 31. Rxd8+ Qxd8 32. Qd4 Qe7 33. Bc3 Qc7 34.
Qe5 Qxe5 35. Bxe5 Kf7 36. Bc3 g6 37. Bxa5 Ke7 38. Bc3 g5 39. Kg2 Kd7 40. Bg7 h5
41. Bf6 g4 42. f4 Kc7 43. Kf2 b6 44. cxb6+ Kxb6 45. Ke3 c5 46. Kd3 Nd6 47. Bd8+
Ka6 48. Bc7 Ne4 49. a5 Nf2+ 50. Ke2 Ne4 51. Bb6 Nc3+ 52. Kd3 Ne4 53. Kc2 Kb7 54.
b4 cxb4 55. Kb3 Nd2+ 56. Kxb4 Kc6 57. c5 Nf1 58. a6 Ne3 59. a7 Nd5+ 60. Ka5 Nxb6
61. cxb6 Kb7 62. a8=Q+ Kxa8 63. Ka6 h4 64. gxh4 e5 65. fxe5 1-0

[Event "Druzynowe Mistrzostwa Polski Juniorow 2019 - II Liga"]
[Site "Szczyrk"]
[Date "1899-12-30"]
[Round "4.58"]
[White "Zaborski, Igor"]
[Black "Szuber, Dawid"]
[Result "0-1"]
[WhiteTitle "II"]
[BlackTitle "II"]
[WhiteElo "1372"]
[BlackElo "1340"]

1. d4 Nf6 2. Nf3 e6 3. e3 b6 4. Bd3 Bb7 5. O-O Be7 6. c4 O-O 7. Nc3 d5 8. Ne5 Nbd7
9. f4 Rc8 10. cxd5 exd5 11. Qf3 c5 12. Qh3 h6 13. g4 Nxe5 14. dxe5 Ne4 15. Nxe4
dxe4 16. Bc2 Qc7 17. Qg2 Qc6 18. Bd2 Ba6 19. Rfd1 Bd3 20. Rac1 Rfd8 21. Be1 c4
22. a3 Bc5 23. Qf2 a5 24. Bxd3 exd3 25. Rc3 Qe4 26. Bd2 b5 27. Rdc1 Bb6 28. Rf1
b4 29. axb4 axb4 30. Rcc1 c3 31. bxc3 bxc3 0-1

[Event "Druzynowe Mistrzostwa Polski Juniorow 2019 - II Liga"]
[Site "Szczyrk"]
[Date "1899-12-30"]
[Round "4.59"]
[White "Wasala, Wiktoria"]
[Black "Lajdamik, Anna"]
[Result "1-0"]
[WhiteTitle "I"]
[BlackTitle "I"]
[WhiteElo "1515"]
[BlackElo "1324"]

1. e4 c6 2. d4 d5 3. e5 c5 4. c3 Nc6 5. h3 Bf5 6. Bd3 Bxd3 7. Qxd3 e6 8. Nf3 cxd4
9. cxd4 Qb6 10. O-O Nge7 11. b3 Nf5 12. Bb2 Be7 13. Kh1 Rc8 14. Nc3 Nfxd4 15.
Na4 Qd8 16. Nxd4 g5 17. Nxc6 bxc6 18. Rac1 h5 19. Bd4 g4 20. Bxa7 gxh3 21. Qxh3
Qc7 22. Bc5 Bxc5 23. Nxc5 Ra8 24. a4 Qe7 25. Rc3 d4 26. Rc4 h4 27. b4 Rd8 28.
Rd1 d3 29. Rxd3 Rxd3 30. Nxd3 Qg5 31. Rxc6 Kd7 32. Rd6+ Ke7 33. Qe3 Qg4 34. Qf3
Qg5 35. Qb7+ 1-0